[Event "Open A"]
[Site "Hamburg GER"]
[Date "2005.10.07"]
[Round "5"]
[White "Krausser,H"]
[Black "Lingnau,D"]
[Result "1-0"]
[WhiteElo "2130"]
[BlackElo "1905"]

1.e4 c5 2.Nc3 Nc6 3.Nge2 e6 4.g4 Ne5 5.Ng3 g5 6.Bg2 Nf6 7.h3 h6 8.d3 Ng6
9.O-O Bd6 10.e5 Bxe5 11.Nce4 Nd5 12.c3 Qc7 13.Nh5 Ngf4 14.d4 cxd4 15.cxd4 Bd6
16.Bxf4 Bxf4 17.Qb3 d6 18.Rae1 O-O 19.Re2 Rd8 20.Rfe1 Bd7 21.Qxd5 exd5 22.Nef6+ Kh8
23.Re7 Re8 24.Nxe8 Rxe8 25.Rxe8+ Bxe8 26.Rxe8+ Kh7 27.Bxd5 b6 28.Be4+  1-0

[Event "Open A"]
[Site "Hamburg GER"]
[Date "2005.10.07"]
[Round "7"]
[White "Krausser,H"]
[Black "Christ,R"]
[Result "0-1"]
[WhiteElo "2130"]
[BlackElo "2314"]

1.e4 c5 2.Nc3 Nc6 3.Nge2 g6 4.g4 Bg7 5.Ng3 e6 6.Bg2 Nge7 7.O-O Nd4 8.f4 f5
9.gxf5 exf5 10.exf5 Ndxf5 11.Nxf5 Nxf5 12.Re1+ Kf8 13.Nd5 d6 14.c3 Bd7 15.d3 Bc6
16.Be3 Qe7 17.Bf2 Qf7 18.Qb3 Re8 19.Rxe8+ Kxe8 20.Re1+ Kd8 21.Ne7 Qxb3 22.Nxc6+ bxc6
23.axb3 Kc7 24.Ra1 Ra8 25.Ra6 Ne7 26.b4 cxb4 27.cxb4 Rb8 28.Bh4 Bd4+ 29.Kf1 Nd5
30.Bxd5 cxd5 31.Be7 Bb6 32.Kg2 Re8 33.Bf6 Re6 34.Bg7 Re2+ 35.Kg3 Re3+ 36.Kg4 Rxd3
37.Ra3 Rxa3 38.bxa3 d4 39.a4 d3 40.Bc3 Bd4 41.Bd2 Kc6 42.f5 Kd5 43.fxg6 hxg6
44.b5 Kc4 45.Kg5 Bc3  0-1

[Event "Open A"]
[Site "Hamburg GER"]
[Date "2005.10.07"]
[Round "7"]
[White "Fernandez,Laur"]
[Black "Langmann,C"]
[Result "1-0"]
[WhiteElo "1902"]
[BlackElo "1983"]

1.e4 c5 2.Nc3 Nc6 3.Nf3 d6 4.d4 cxd4 5.Nxd4 e5 6.Nb3 Be7 7.Bc4 Nf6 8.Bg5 O-O
9.Qd2 Na5 10.Nxa5 Qxa5 11.O-O Qc5 12.Bb3 h6 13.Bxf6 Bxf6 14.Rad1 Rd8 15.Nd5 Bg5
16.Qe2 Bd7 17.Qh5 Bc6 18.Rd3 Rd7 19.Rfd1 Bxd5 20.Rxd5 Qb4 21.Qg4 Rad8 22.c3 Qb6
23.Rxe5 Bf6 24.Red5 Re7 25.R5d2 Re5 26.Rd5 Re7 27.Rf5 Rde8 28.Bd5 Kf8 29.Qe2 Re5
30.Rxe5 Bxe5 31.g3 Re7 32.Kg2 g6 33.Rd2 Kg7 34.Qd3 Rd7 35.Bb3 Qc5 36.Qd5 Qxd5
37.Rxd5 g5 38.Kf3 h5 39.h3 Kg6 40.Bd1 Kf6 41.Ke3 Kg6 42.f4 Bf6 43.e5 gxf4+
44.gxf4 Be7 45.Bxh5+ Kg7 46.f5 Bg5+ 47.Ke4 Rd8 48.Rxd6 Rxd6 49.exd6 Kf6 50.Bg4 Bc1
51.b3 Bb2 52.c4 Ba3 53.Kd5 Bb4 54.c5 Ba3 55.Kc4 b6 56.b4 Bb2 57.c6  1-0

[Event "IX Itau Cup"]
[Site "Sao Paulo BRA"]
[Date "2005.10.07"]
[Round "6"]
[White "Cubas,Jo"]
[Black "Marques,V"]
[Result "1-0"]
[WhiteElo "2443"]
[BlackElo "2360"]

1.e4 c5 2.Nf3 Nc6 3.Nc3 d6 4.d4 cxd4 5.Nxd4 Nf6 6.f3 e5 7.Nb3 Be7 8.Be3 O-O
9.Qd2 Be6 10.Nd5 Bxd5 11.exd5 Nb8 12.Be2 h6 13.O-O a5 14.c4 Nfd7 15.g3 Qc7
16.Nc1 Na6 17.b3 Nac5 18.Rb1 Qd8 19.Bd1 Bg5 20.f4 exf4 21.gxf4 Bf6 22.Bc2 Re8
23.Ne2 g6 24.Ng3 Bg7 25.f5 Qh4 26.Rf4 Qe7 27.Bxc5 dxc5 28.fxg6 fxg6 29.Bxg6 Rf8
30.Nf5 Qg5+ 31.Kh1 Be5 32.Rf2 Qxd2 33.Rxd2 Kh8 34.Rg2 Ra6 35.d6 Bxd6 36.Nxh6 Bf4
37.Nf7+ Kg7 38.Bh5+ Kf6 39.Rf1  1-0

[Event "TCh-FIN 2005-6"]
[Site "Helsinki FIN"]
[Date "2005.10.08"]
[Round "3"]
[White "Paakkonen,T"]
[Black "Fieandt,J"]
[Result "1-0"]
[WhiteElo "2249"]
[BlackElo "2161"]

1.e4 c5 2.Nc3 Nc6 3.Nge2 d6 4.d4 cxd4 5.Nxd4 e6 6.Be3 Nf6 7.Be2 Be7 8.O-O O-O
9.Kh1 Bd7 10.f4 Nxd4 11.Bxd4 Bc6 12.Bd3 d5 13.e5 Ne4 14.Qe2 Nc5 15.f5 exf5
16.Bxf5 Ne6 17.Rad1 g6 18.Bg4 a6 19.Be3 Ng7 20.Bf3 Qa5 21.Nxd5 Bxd5 22.Rxd5 Qxa2
23.Rd7 Qe6 24.Rxb7 Qxe5 25.Ba7 Bd6 26.Qxe5 Bxe5 27.Bd5 Ne6 28.Rfxf7 Rxf7
29.Bxe6 Rf8 30.b3 Kg7 31.Bxf7 Rxf7 32.Rxf7+ Kxf7 33.Kg1 Ke6 34.h3 Kd5 35.Kf2 Ke4
36.Ke2 Bc3 37.Be3 Be5 38.Bd2 Kd4 39.Be1 Kc5 40.Kd3 Bh2  1-0

[Event "5th ch-Asian"]
[Site "Hyderabad IND"]
[Date "2005.10.08"]
[Round "3"]
[White "Ak,H"]
[Black "Harika,D"]
[Result "1-0"]
[WhiteElo "2299"]
[BlackElo "2392"]

1.e4 c5 2.Nf3 Nc6 3.Nc3 e5 4.Bc4 Be7 5.d3 d6 6.O-O Nf6 7.Ng5 O-O 8.f4 Nd4
9.fxe5 dxe5 10.Rxf6 Bxf6 11.Qh5 Bxg5 12.Bxg5 Qd7 13.h3 b5 14.Nd5 Ne6 15.Nf6+ gxf6
16.Bxf6 Qd4+ 17.Kh2 Qe3 18.Rf1 bxc4 19.Rf3 Qxf3 20.Qxf3 Re8 21.Qg4+ Kf8 22.Qh4 Kg8
23.Bxe5 Nf8 24.Qg5+ Ng6 25.Bc3 a5 26.h4 cxd3 27.cxd3 c4 28.h5 Ra6 29.Qh6 Ne5
30.Qg5+ Ng6 31.dxc4 Rae6 32.hxg6 Rxg6 33.Qxa5 Bb7 34.Qa7 Bc6 35.Qd4 Kf8 36.Qh8+ Ke7
37.Qe5+ Kf8 38.Qh8+ Ke7 39.Bb4+ Ke6 40.Qd4 f5 41.g3 Kf7 42.e5 Rge6 43.Bc3 Rg8
44.Qa7+ Re7 45.Qe3 Rg4 46.Qh6 Re6 47.Qxh7+ Ke8 48.Bd2 Be4 49.b4 Re7 50.Qh8+ Kd7
51.Bh6 Re8 52.Qf6 f4 53.Qd6+ Kc8 54.Qc5+ Kd7 55.Qd4+ Kc8 56.Bxf4 Bf3 57.Qc5+ Kd7
58.Qd6+ Kc8 59.e6 Rh8+ 60.Kg1 Rg7 61.Qb8+  1-0

[Event "5th ch-Asian"]
[Site "Hyderabad IND"]
[Date "2005.10.09"]
[Round "4"]
[White "Laxman,R"]
[Black "Xie,G"]
[Result "0-1"]
[WhiteElo "2404"]
[BlackElo "2340"]

1.Nf3 c5 2.e4 Nc6 3.Nc3 e6 4.Bb5 Nd4 5.O-O a6 6.Bd3 Ne7 7.Nxd4 cxd4 8.Ne2 d5
9.e5 Nc6 10.f4 Bc5 11.a3 O-O 12.b4 Bb6 13.Ng3 Qh4 14.Nh5 f6 15.exf6 g6 16.Ng3 Rxf6
17.Ne2 g5 18.g3 Qh5 19.fxg5 Rxf1+ 20.Qxf1 e5 21.Bb2 Bg4 22.Qg2 Bxe2 23.Qxd5+ Kh8
24.Qd7 Rf8 25.Rc1 Rf7 26.Bxe2 Qxe2 27.Qc8+ Kg7 28.d3 Bd8  0-1

[Event "Vojvodina Quality League"]
[Site "Pancevo SCG"]
[Date "2005.10.09"]
[Round "9"]
[White "Kovacevic,Dragi"]
[Black "Skoko,Mil"]
[Result "0-1"]
[WhiteElo "2124"]
[BlackElo "2230"]

1.e4 c5 2.Nc3 Nc6 3.Bb5 Nd4 4.Bc4 g6 5.Nf3 Bg7 6.O-O e6 7.Nxd4 cxd4 8.Ne2 Ne7
9.c3 Nc6 10.d3 O-O 11.Bb3 d6 12.Kh1 Kh8 13.Bf4 e5 14.Bd2 dxc3 15.Nxc3 f5
16.exf5 Bxf5 17.Be3 Nb4 18.Ne4 Qd7 19.a3 Nc6 20.Qd2 Be6 21.Ba4 a6 22.Bb6 Bd5
23.Rac1 Rac8 24.f3 Qe6 25.Rc3 h6 26.Rfc1 g5 27.Qe1 g4 28.fxg4 Qxg4 29.Bd1 Qe6
30.Bf3 Rf7 31.Qh4 Rf4 32.Qe1 Rcf8 33.Be3 R4f7 34.Qh4 Bxe4 35.dxe4 Nd4 36.Bxd4 exd4
37.Rc7 d3 38.Rxf7 Qxf7 39.Rd1 Qb3 40.Qe1 Bxb2 41.Qd2 Bg7 42.Qxd3 Qxd3 43.Rxd3 Be5
44.g3 Rc8 45.Bg4 Rc7 46.Kg2 b5 47.Be6 Rc2+ 48.Kh3 Rb2 49.Rf3 a5 50.Rf7 b4
51.axb4 axb4 52.Rb7 Bc3 53.Bc4 Rd2 54.Bd5 Rf2 55.Rb6 Kg7 56.Rxd6 h5 57.Rb6 Rb2
58.Rb7+ Kh6 59.Rb8 Bd4 60.Bf7 Bg1 61.g4 Rxh2+ 62.Kg3 h4+ 63.Kf3 Rf2+ 64.Ke3 Rxf7+
65.Kd3 h3  0-1

[Event "Vojvodina Quality League"]
[Site "Pancevo SCG"]
[Date "2005.10.09"]
[Round "9"]
[White "Vrbljanac,A"]
[Black "Vlatkovic,M"]
[Result "1/2-1/2"]
[WhiteElo "2276"]
[BlackElo "2340"]

1.e4 c5 2.Nf3 Nc6 3.Nc3 Nf6 4.d4 cxd4 5.Nxd4 e5 6.Ndb5 d6 7.Bg5 a6 8.Na3 b5
9.Nd5 Be7 10.Bxf6 Bxf6 11.c3 O-O 12.Nc2 Rb8 13.Be2 Bg5 14.O-O Be6 15.Nce3 a5
16.a3 g6 17.b4 f5 18.a4 axb4 19.axb5 Ne7 20.exf5 gxf5 21.Nxe7+ Qxe7 22.Nd5 Bxd5
23.Qxd5+ Kh8 24.cxb4 e4 25.b6 Qe5 26.Qxe5+ dxe5 27.b5 Rxb6 28.Ra6 Bd8 29.Ra8 Be7
30.Rxf8+ Bxf8 31.Rc1 Bb4 32.Rc6 Ba5 33.Rc5 Re6 34.Bc4 Re7 35.Rc8+ Kg7 36.Rg8+ Kf6
37.Ra8 Bb6 38.Ra6 Rb7 39.Bd5 Rb8 40.Ra8 Rxa8 41.Bxa8 Kg6 42.g4 Kf6 43.Kg2 Kg5
44.gxf5 Kxf5 45.Kg3 Ba5 46.Bc6 Bb6 47.Bd7+ Kg5 48.Bc6 e3 49.fxe3 Bxe3 50.Kf3 Bd4
51.h3 h5 52.Ke4 Kh4 53.Bd7 Kg3 54.Be6  1/2-1/2

[Event "IX Itau Cup"]
[Site "Sao Paulo BRA"]
[Date "2005.10.09"]
[Round "8"]
[White "Rodriguez,And URU"]
[Black "Milos,G"]
[Result "1/2-1/2"]
[WhiteElo "2479"]
[BlackElo "2620"]

1.e4 c5 2.Nc3 Nc6 3.Nge2 Nf6 4.d4 cxd4 5.Nxd4 d6 6.f3 e5 7.Nb3 Be7 8.Be3 O-O
9.Qd2 a5 10.Na4 Be6 11.Nb6 a4 12.Nxa8 Qxa8 13.Nc1 a3 14.b3 d5 15.Bg5 dxe4
16.Bxf6 Bxf6 17.fxe4 Nd4 18.Nd3 Bh4+ 19.Nf2 Nxc2+ 20.Qxc2 Qa5+ 21.Ke2 Rc8
22.Qd2 Qb6 23.g3 Bg5 24.Qxg5 Rc2+ 25.Kd1 Rxf2 26.Be2 h6 27.Qd2 Bg4 28.Re1 Rxe2
29.Rxe2 Qg1+ 30.Kc2 Qxa1 31.Re1 Qb2+  1/2-1/2

[Event "TCh-FIN 2005-6"]
[Site "Tampere FIN"]
[Date "2005.10.09"]
[Round "4"]
[White "Keskinen,S"]
[Black "Lehtioksa,J"]
[Result "1-0"]
[WhiteElo "2279"]
[BlackElo "2174"]

1.e4 c5 2.Nc3 Nc6 3.Bb5 g6 4.Bxc6 bxc6 5.d3 Bg7 6.f4 d6 7.Nf3 Rb8 8.O-O e6
9.Qe1 Ne7 10.b3 O-O 11.e5 f5 12.Ba3 Nd5 13.Na4 Nb4 14.Qf2 Re8 15.Rae1 d5
16.Nxc5 Nxa2 17.Qd2 d4 18.Bb2 Nb4 19.Bxd4 Qc7 20.Ra1 Bf8 21.Ra4 a5 22.Rfa1 Rd8
23.Rxa5 Rb5 24.Ra7 Rb7 25.Nxb7 Bxb7 26.Bf2 c5 27.Ne1 Qc6 28.R7a5 Be7 29.Qc3 Nd5
30.Qc4 Rc8 31.Nf3 Kh8 32.Qa4 Qc7 33.Ra7 Rg8 34.h4 h6 35.Qa5 Qc6 36.Qd2 g5
37.hxg5 hxg5 38.Nxg5 Bxg5 39.fxg5 Nf4 40.Bh4 Nxg2 41.Rxb7 Qxb7 42.Qxg2 Qb4
43.Qh2 Kg7 44.Ra7+ Kg6  1-0

[Event "Cupa ULIM"]
[Site "Kishinev MDA"]
[Date "2005.10.11"]
[Round "4"]
[White "Demeanciuc,S"]
[Black "Dorofeev,A"]
[Result "1/2-1/2"]
[WhiteElo "2020"]
[BlackElo "2228"]

1.e4 c5 2.Nc3 Nc6 3.Nf3 Nf6 4.d4 d5 5.exd5 Nxd5 6.Nxd5 Qxd5 7.Be3 cxd4 8.Nxd4 a6
9.Be2 e5 10.Nxc6 Qxc6 11.O-O Be7 12.c3 O-O 13.Bf3 e4 14.Be2 Be6 15.f3 Bc5
16.Bxc5 Qxc5+ 17.Kh1 Rad8 18.Qc2 e3 19.Rad1 Bf5 20.Bd3 Bxd3 21.Rxd3 Qc4 22.Rfd1 Rxd3
23.Rxd3 Re8 24.Rd1 e2 25.Re1 Qxa2 26.g3 Qc4 27.Qd2 h5 28.h4 Re6 29.Kh2 Qb5
30.Kg2 Qe5 31.Kf2 Rg6 32.f4 Qc5+ 33.Kg2 Qc6+ 34.Kf2 Qc5+ 35.Kg2 Qf5 36.Kh2 Qg4
37.Qd3 Re6 38.Kg2 g6 39.Kh2 Kg7 40.Qd4+ Kh7 41.Qd3 Re7 42.Kg2 Qe6 43.Qd2 Qc6+
44.Kf2 Qb6+ 45.Kg2 Qc6+ 46.Kf2 Qb6+ 47.Kg2 Qc6+ 48.Kf2 Qb6+ 49.Kg2 Qb5 50.Kf2 Qb6+
51.Kg2 Qe6 52.Kf2 Qb6+ 53.Kg2 Qb5 54.Kf2 Qc5+ 55.Kg2 Qc6+ 56.Kf2 Qb6+ 57.Kg2 Qe6
58.Kf2 Qh3 59.Rxe2 Qh2+ 60.Kf3 Qh1+ 61.Kf2 Qh2+ 62.Kf3  1/2-1/2

[Event "5th ch-Asian"]
[Site "Hyderabad IND"]
[Date "2005.10.12"]
[Round "6"]
[White "Roy Chowdhury,S"]
[Black "Ak,H"]
[Result "1/2-1/2"]
[WhiteElo "2397"]
[BlackElo "2299"]

1.e4 c5 2.Nf3 Nc6 3.Nc3 Nf6 4.Bb5 d6 5.O-O e5 6.h3 Be7 7.d3 O-O 8.Bxc6 bxc6
9.b3 h6 10.Ne2 Nh5 11.Ng3 Nxg3 12.fxg3 f5 13.Qe2 Qe8 14.Kh2 Qg6 15.Bb2 Bd7
16.Rae1 Rae8 17.a3 f4 18.gxf4 Rxf4 19.b4 cxb4 20.axb4 Ref8 21.Bc1 R4f7 22.Qd1 Qh5
23.Nd2 Qh4 24.Rxf7 Rxf7 25.Rf1 Rf2 26.Rxf2 Qxf2 27.Nf3 Be8 28.Bd2 Bh5 29.Qe1 Qxe1
30.Bxe1 Kf7 31.g4 Bg6 32.Kg3 Ke6 33.Bc3 Bf6 34.h4 Be7 35.Bb2 Be8 36.Kf2 Bd8
37.Ke2 Kf7 38.c4 Bd7 39.g5 Bg4 40.Kf2 Bxf3 41.Kxf3 Kg6 42.Kg4 h5+ 43.Kg3 Bb6
44.Bc1 c5 45.b5 Ba5  1/2-1/2

[Event "5th ch-Asian"]
[Site "Hyderabad IND"]
[Date "2005.10.13"]
[Round "7"]
[White "Zhou Weiqi"]
[Black "Ak,H"]
[Result "1-0"]
[WhiteElo "2416"]
[BlackElo "2299"]

1.e4 c5 2.Nc3 Nc6 3.Bb5 d6 4.Bxc6+ bxc6 5.d3 e5 6.f4 exf4 7.Bxf4 Ne7 8.Nge2 Ng6
9.Bd2 Rb8 10.Rb1 Qf6 11.Ng3 Ne5 12.Qh5 g6 13.Qg5 Qxg5 14.Bxg5 Bg7 15.O-O Ng4
16.Nge2 h6 17.Bf4 Ne5 18.a3 a5 19.Na4 Ke7 20.Bd2 Bg4 21.Nf4 Ra8 22.h3 Be6
23.b3 Nd7 24.Kh1 Rhb8 25.Rf3 Rf8 26.Rbf1 Ne5 27.R3f2 Nd7 28.Nxe6 Kxe6 29.g4 Ra7
30.Nc3 Bf6 31.Ne2 Bg7 32.a4 Raa8 33.Kg2 Ke7 34.h4 Bf6 35.Kh3 Bg7 36.h5 Ne5
37.Bc3 Ra7 38.hxg6 fxg6 39.Rxf8 Bxf8 40.Nf4 Ke8 41.Bxe5 dxe5 42.Nxg6 Bg7
43.Rf5  1-0

[Event "5th ch-Asian"]
[Site "Hyderabad IND"]
[Date "2005.10.13"]
[Round "7"]
[White "Visweswaran,K"]
[Black "Roy Chowdhury,S"]
[Result "0-1"]
[WhiteElo "2289"]
[BlackElo "2397"]

1.e4 c5 2.Nf3 Nc6 3.Nc3 g6 4.d4 cxd4 5.Nxd4 Bg7 6.Be3 Nf6 7.Bc4 Qa5 8.O-O d6
9.h3 O-O 10.Bb3 Bd7 11.f4 Rad8 12.Qf3 a6 13.Rad1 Qc7 14.g4 e6 15.g5 Nh5 16.Nde2 b5
17.f5 Rfe8 18.Qf2 Qb8 19.Nf4 Nxf4 20.Bxf4 Ne5 21.f6 Bf8 22.Qg3 Bc6 23.Rfe1 a5
24.a4 bxa4 25.Nxa4 Qb4 26.Bd2 Qd4+ 27.Qe3 Nf3+ 28.Kf2 Qxe3+ 29.Rxe3 Nxg5
30.Nc3 h5 31.h4 Nh7 32.Rf3 d5 33.exd5 exd5 34.Ba4 Bxa4 35.Nxa4 Re4 36.b3 Rxh4
37.Bxa5 Rd6 38.Bc7 Rc6 39.Rc3 Rxf6+ 40.Kg2 Rg4+ 41.Rg3 Rc6 42.Rxg4 Rxc2+
43.Kg3 hxg4 44.Be5 Re2 45.Bf4 Nf6 46.Nc3 Rb2 47.Be5 Nd7 48.Bd4 Rxb3 49.Kxg4 Bg7
50.Nxd5 Bxd4 51.Rxd4 Kg7 52.Kf4 Nf6 53.Ne3 Rb7 54.Ra4 Re7 55.Kf3 Nh5 56.Ra5 Rd7
57.Rg5 Kh6 58.Ra5 Nf6 59.Rb5 Kg7 60.Ra5 Ng8 61.Rb5 Ne7 62.Rc5 f5 63.Ra5 Rd6
64.Nc4 Rd4 65.Ne3 Kf6 66.Ra6+ Kg5 67.Ra5 Rf4+ 68.Kg3 Re4 69.Kf3 Nc6 70.Ra3 Ne5+
71.Kg2 Nc4 72.Nxc4 Rxc4 73.Ra6 Kh5 74.Rf6 Rc5 75.Ra6 Kh4 76.Rf6  0-1

[Event "5th ch-Asian"]
[Site "Hyderabad IND"]
[Date "2005.10.14"]
[Round "8"]
[White "Himanshu,Sh"]
[Black "Annageldyev,O"]
[Result "1-0"]
[WhiteElo "2391"]
[BlackElo "2469"]

1.e4 c5 2.Nf3 Nc6 3.Nc3 d6 4.d4 cxd4 5.Nxd4 Nf6 6.Bg5 e6 7.Qd2 Qb6 8.Nb3 a6
9.O-O-O Be7 10.f4 h6 11.Bh4 O-O 12.Qe1 Qc7 13.g4 d5 14.e5 Nxg4 15.Bxe7 Qxe7
16.Qg3 f5 17.Rg1 Qc7 18.Nd4 Nxd4 19.Rxd4 Qc5 20.Ne2 Bd7 21.h3 Rfc8 22.Rd2 h5
23.hxg4 fxg4 24.Nd4 Qa5 25.a3 b5 26.Be2 b4 27.Nb3 Qc7 28.axb4 Rcb8 29.Bxg4 hxg4
30.Qxg4 Bc8 31.Rh2 Qf7 32.Qh4 Kf8 33.Qd8+  1-0

[Event "5th ch-Asian"]
[Site "Hyderabad IND"]
[Date "2005.10.14"]
[Round "8"]
[White "Reefat,S"]
[Black "Sharbaf,M"]
[Result "1-0"]
[WhiteElo "2484"]
[BlackElo "2387"]

1.e4 c5 2.Nc3 Nc6 3.Bb5 g6 4.Bxc6 bxc6 5.d3 Bg7 6.f4 d6 7.Nf3 Nf6 8.O-O O-O
9.Qe1 Ne8 10.Qh4 f5 11.Re1 Nf6 12.Bd2 fxe4 13.dxe4 c4 14.e5 dxe5 15.fxe5 Ng4
16.Be3 Nxe3 17.Rxe3 Qb6 18.Re1 Qxb2 19.Ng5 h6 20.Qxc4+ Kh8 21.Nf7+ Kh7 22.Ne4 e6
23.Ned6 Qb6 24.Kh1 Qc7 25.Rf1 Qe7 26.Qe4 Kg8 27.Qxg6 Qg5 28.Nxh6+  1-0

[Event "TCh-CZE Extraliga 2005-6"]
[Site "Czech Rep CZE"]
[Date "2005.10.15"]
[Round "?"]
[White "Kanovsky,D"]
[Black "Klima,L"]
[Result "1/2-1/2"]
[WhiteElo "2335"]
[BlackElo "2448"]

1.e4 c5 2.Nf3 Nc6 3.Nc3 Nf6 4.e5 Ng4 5.Qe2 d6 6.exd6 e6 7.g3 Bxd6 8.Bg2 O-O
9.O-O Nf6 10.Ne4 Be7 11.d3 Bd7 12.c3 Nd5 13.Rd1 Qc7 14.d4 cxd4 15.Nxd4 Rad8
16.c4 Nxd4 17.Rxd4 Nf6 18.Bg5 Bc6 19.Rxd8 Rxd8 20.Nxf6+  1/2-1/2

[Event "5th ch-Asian"]
[Site "Hyderabad IND"]
[Date "2005.10.15"]
[Round "9"]
[White "Xie,G"]
[Black "Taleb,M"]
[Result "1-0"]
[WhiteElo "2340"]
[BlackElo "2510"]

1.e4 c5 2.Nc3 Nc6 3.Bb5 g6 4.Bxc6 bxc6 5.d3 Bg7 6.f4 d6 7.Nf3 Nh6 8.O-O Rb8
9.Qe1 O-O 10.b3 f6 11.Bd2 e5 12.Rd1 Nf7 13.Na4 exf4 14.Bxf4 Ne5 15.Kh1 Rb7
16.Qg3 Rbf7 17.Rde1 Qa5 18.c3 Re8 19.Nd2 Ba6 20.Re3 Rd7 21.d4 cxd4 22.cxd4 Nf7
23.Rc3 Bb5 24.Nc4 Qd8 25.Nd2 Rde7 26.h3 g5 27.Be3 Qa5 28.Rfc1 h6 29.Bg1 d5
30.exd5 Bxa4 31.d6 Nxd6 32.Qxd6 Bb5 33.a4 Ba6 34.Nc4 Qf5 35.Qxc6 Bxc4 36.Qxc4+ Kh8
37.Qd3 Qd7 38.d5 f5 39.d6 Re6 40.Rc7 Qxd6 41.Qxd6 Rxd6 42.Rxa7 Rd2 43.a5 Bb2
44.Rb1 Red8 45.a6 Bd4 46.Bxd4+ R2xd4 47.Rb7 g4 48.a7 g3 49.Rb8 Kg7 50.Rxd8 Rxd8  1-0

[Event "2nd Samba Cup"]
[Site "Skanderborg DEN"]
[Date "2005.10.15"]
[Round "2"]
[White "Ivanchuk,V"]
[Black "Zhang Pengxiang"]
[Result "1/2-1/2"]
[WhiteElo "2748"]
[BlackElo "2613"]

1.e4 c5 2.Nc3 Nc6 3.Nge2 e5 4.Nd5 Nge7 5.Nec3 Nxd5 6.Nxd5 Rb8 7.a4 Ne7 8.Nc3 g6
9.h4 h6 10.Bc4 Bg7 11.d3 d6 12.f4 Be6 13.Bxe6 fxe6 14.Qg4 Kd7 15.O-O Qg8
16.Be3 Rf8 17.Ne2 exf4 18.Nxf4 Be5 19.c3 Bxf4 20.Rxf4 Rxf4 21.Bxf4 g5 22.Bh2 gxh4
23.Qxh4 Qg5 24.Qxg5 hxg5 25.Rf1 Rb8 26.Rf2 b5 27.axb5 Rxb5 28.Kf1 e5 29.Ke1 Ke6
30.Kd1 Ra5 31.Kc2  1/2-1/2

[Event "Chigorin Mem"]
[Site "St Petersburg RUS"]
[Date "2005.10.15"]
[Round "1"]
[White "Sivokho,S"]
[Black "Tkachuk,A"]
[Result "1-0"]
[WhiteElo "2473"]
[BlackElo "2170"]

1.e4 c5 2.Nf3 Nc6 3.Nc3 e5 4.Bc4 Be7 5.d3 Nf6 6.O-O O-O 7.Bg5 d6 8.Bxf6 Bxf6
9.Nd5 a6 10.a3 b5 11.Ba2 Nd4 12.c3 Ne6 13.b4 Nc7 14.Nb6 Rb8 15.Nxc8 Qxc8
16.Qe2 Ne6 17.g3 cxb4 18.cxb4 Qd7 19.Rac1 Rfc8 20.Qb2 Rxc1 21.Rxc1 Rc8 22.Rxc8+ Qxc8
23.Bxe6 fxe6 24.Kg2 Qc6 25.h4 Kf7 26.g4 Bd8 27.Qxe5 Bf6 28.Qh5+ Kg8 29.Ng5 Bxg5
30.Qxg5 Kf7 31.Qd2 h6 32.h5 Qc8 33.Qf4+ Ke7 34.g5 e5 35.Qh4 Kf7 36.g6+ Ke8
37.Qh3 Qxh3+ 38.Kxh3 Ke7 39.Kg4 Kf6 40.f4 Ke6 41.Kf3 Kf6 42.Ke3 exf4+ 43.Kxf4 Ke6
44.d4 Ke7 45.Kf5 Kd7 46.e5 d5 47.e6+  1-0

[Event "Chigorin Mem"]
[Site "St Petersburg RUS"]
[Date "2005.10.15"]
[Round "1"]
[White "Klimov,S"]
[Black "Nogin,V"]
[Result "1-0"]
[WhiteElo "2469"]
[BlackElo "2165"]

1.e4 c5 2.Nf3 Nc6 3.Nc3 e5 4.Bc4 Be7 5.d3 Nf6 6.h3 O-O 7.O-O d6 8.a3 Nd4
9.Nd2 a6 10.Ba2 b5 11.Re1 Be6 12.Nd5 Nxd5 13.exd5 Bd7 14.Ne4 Rc8 15.f4 exf4
16.Bxf4 Qb6 17.Kh1 Rce8 18.b4 cxb4 19.axb4 Nf5 20.Qd2 Nh4 21.c4 Ng6 22.c5 dxc5
23.Be3 Qb8 24.bxc5 Kh8 25.Bd4  1-0

[Event "TCh-CZE Extraliga 2005-6"]
[Site "Czech Rep CZE"]
[Date "2005.10.16"]
[Round "2"]
[White "Heberla,B"]
[Black "Frolik,M"]
[Result "1-0"]
[WhiteElo "2465"]
[BlackElo "2319"]

1.e4 c5 2.Nc3 Nc6 3.Bb5 g6 4.Bxc6 dxc6 5.d3 Bg7 6.Be3 b6 7.Qd2 Be6 8.Nge2 Qd7
9.O-O Nf6 10.Bh6 O-O 11.Bxg7 Kxg7 12.f4 Bg4 13.Ng3 Qd4+ 14.Kh1 Bc8 15.Rae1 e5
16.f5 h6 17.b3 Qd8 18.Nd1 b5 19.Ne3 a5 20.Rf2 a4 21.Ref1 axb3 22.axb3 Bd7
23.Kg1 Bc8 24.h4 h5 25.fxg6 fxg6 26.Nef5+ gxf5 27.Qg5+ Kf7 28.Nxf5 Bxf5 29.Rxf5 Ke6
30.Rxe5+ Kd6 31.Qg3 Kd7 32.Qg7+ Kd6 33.Qg3 Kd7 34.Ref5 Qe7 35.Qg6 Ng4 36.Qxh5 Ne3
37.Rf7 Nxf1 38.Qf5+ Ke8 39.Rxe7+ Kxe7 40.Qxc5+ Kd7 41.e5 Kc7 42.Qd6+ Kb7
43.e6 Nd2 44.e7 Rg8 45.Kf2 Rac8 46.g4 Nb1 47.Qd7+ Ka6 48.Qd4 Kb7 49.g5 Na3
50.c4 Rc7 51.Qd8 Rc8 52.Qd7+ Kb6 53.Qd4+ Kb7 54.h5 Nc2 55.Qd7+ Kb6 56.h6 Nb4
57.h7 Rh8 58.g6 Ra8 59.Kg3 Na6 60.g7 Rxh7 61.Qd8+ Nc7 62.g8=Q  1-0

[Event "TCh-CZE Extraliga 2005-6"]
[Site "Czech Rep CZE"]
[Date "2005.10.16"]
[Round "2"]
[White "Zezulkin,J"]
[Black "Vyskocil,N"]
[Result "1-0"]
[WhiteElo "2494"]
[BlackElo "2318"]

1.e4 c5 2.Nf3 Nc6 3.Nc3 g6 4.d4 cxd4 5.Nxd4 Bg7 6.Be3 d6 7.Qd2 Nf6 8.f3 Bd7
9.O-O-O O-O 10.Kb1 Rc8 11.g4 Ne5 12.h4 h5 13.gxh5 Nxh5 14.Rg1 Kh7 15.Nd5 Nc4
16.Bxc4 Rxc4 17.Ne2 e6 18.Ndf4 Nxf4 19.Bxf4 Qb6 20.c3 Ba4 21.Rc1 Bb5 22.h5 Ra4
23.Nd4 Bc4 24.b3 Ra5 25.Be3 Rxh5 26.Nxe6 Qb5 27.Nxg7 Bd3+ 28.Ka1 Kxg7 29.Bd4+  1-0

[Event "TCh-HUN 2005-6"]
[Site "Hungary HUN"]
[Date "2005.10.16"]
[Round "1"]
[White "Madl,I"]
[Black "Kiss,K"]
[Result "1-0"]
[WhiteElo "2379"]
[BlackElo "2033"]

1.e4 c5 2.Nf3 Nc6 3.Nc3 d6 4.d4 cxd4 5.Nxd4 e5 6.Nf3 Nf6 7.Bc4 Bg4 8.h3 Bxf3
9.Qxf3 Nd4 10.Qd3 Rc8 11.O-O a6 12.Be3 Ne6 13.Nd5 Nc5 14.Nxf6+ Qxf6 15.Qe2 Nxe4
16.Bd5 Nc5 17.b4 Nd7 18.Bxb7 Rb8 19.Qxa6 d5 20.Qxf6 Nxf6 21.Bc6+ Kd8 22.b5 d4
23.Bd2 Bc5 24.a4 Kc7 25.Rfe1 Kd6 26.c4 Rhc8 27.f4 d3+ 28.Kf1 Bd4 29.fxe5+ Bxe5
30.Bb4+ Ke6 31.Bc3  1-0

[Event "Cupa ULIM"]
[Site "Kishinev MDA"]
[Date "2005.10.16"]
[Round "9"]
[White "Prociuc,E"]
[Black "Dergausov,D"]
[Result "1-0"]
[WhiteElo "2078"]
[BlackElo "2117"]

1.e4 c5 2.Nc3 Nc6 3.Nf3 Nf6 4.Bc4 e6 5.O-O d5 6.exd5 exd5 7.Bb5 Be7 8.d4 c4
9.b3 a6 10.Bxc6+ bxc6 11.bxc4 dxc4 12.Ne5 Bb7 13.Rb1 Rb8 14.Qe2 Nd5 15.Qxc4 Qd6
16.Nxd5 cxd5 17.Qa4+  1-0

[Event "Chigorin Mem"]
[Site "St Petersburg RUS"]
[Date "2005.10.16"]
[Round "2"]
[White "Vitiugov,N"]
[Black "Matlakov,M"]
[Result "1-0"]
[WhiteElo "2538"]
[BlackElo "2402"]

1.e4 c5 2.Nf3 Nc6 3.Nc3 Nf6 4.Bb5 Qc7 5.O-O Nd4 6.Re1 a6 7.Bc4 d6 8.h3 e6
9.a4 Be7 10.d3 Nc6 11.Ba2 O-O 12.Ne2 b5 13.Ng3 Rb8 14.c3 e5 15.Nf5 Be6 16.Nh2 Kh8
17.Qf3 Ng8 18.g3 b4 19.Bd5 Bd8 20.h4 Bxd5 21.exd5 Nce7 22.h5 bxc3 23.bxc3 Nxf5
24.Qxf5 Qc8 25.Qf3 Ba5 26.Bd2 h6 27.Nf1 Rb2 28.Re2 Qd7 29.Be1 Rxe2 30.Qxe2 Rb8
31.Ne3 Nf6 32.Kg2 Rb3 33.Rc1 Qxa4 34.Qd1 Qb5 35.c4  1-0

[Event "Chigorin Mem"]
[Site "St Petersburg RUS"]
[Date "2005.10.16"]
[Round "2"]
[White "Romanov,E"]
[Black "Eidelson,R"]
[Result "1-0"]
[WhiteElo "2479"]
[BlackElo "2192"]

1.e4 c5 2.Nf3 Nc6 3.Nc3 d6 4.d4 cxd4 5.Nxd4 Nf6 6.Bg5 Bd7 7.Be2 Nxd4 8.Qxd4 Qa5
9.f4 h6 10.Bxf6 gxf6 11.O-O-O h5 12.Kb1 Bc6 13.Nd5 Rc8 14.Rhf1 Qc5 15.Qd2 Bxd5
16.exd5 f5 17.Rf3 Bg7 18.Rb3 Qc7 19.Bd3 e6 20.Re1 O-O 21.dxe6 fxe6 22.Rxe6 Qc5
23.a3 Rc6 24.Re7 Rc7 25.Rxc7 Qxc7 26.Rb5 a6 27.Rxf5 Rxf5 28.Bxf5 Qb6 29.c3 Kf8
30.Ka2 Qc5 31.Be6 b5 32.Qd3  1-0

[Event "SCG First League m"]
[Site "Vrnjacka Banja SCG"]
[Date "2005.10.18"]
[Round "2"]
[White "Dujkovic,S"]
[Black "Markovic,Miros"]
[Result "1-0"]
[WhiteElo "2365"]
[BlackElo "2489"]

1.e4 c5 2.Nc3 Nc6 3.Bb5 Nd4 4.Bc4 e6 5.Nf3 Qc7 6.d3 Nc6 7.a3 a6 8.O-O b5
9.Ba2 Nf6 10.Ng5 h6 11.Nh3 b4 12.Ne2 d5 13.exd5 exd5 14.Nhf4 Bd6 15.Nxd5 Bxh2+
16.Kh1 Nxd5 17.Bxd5 Bd6 18.Ng3 O-O 19.Ne4 Be6 20.Bxe6 fxe6 21.Qg4 Nd4 22.Bxh6 Bf4
23.Bg5 Bxg5 24.Nxg5 Rf6 25.c3 bxc3 26.bxc3 Nf5 27.Rae1 Rh6+ 28.Nh3 Rf8 29.Kg1 Rff6
30.Qf4 Qd8 31.Rb1 Qxd3 32.Rfd1 Qe2 33.Rd8+ Kh7 34.Ng5+ Kg6 35.Nf3 Kh7 36.Rd2 Nd4
37.cxd4 Qc4 38.Ng5+ Kg6 39.Qg4  1-0

[Event "SCG First League w"]
[Site "Vrnjacka Banja SCG"]
[Date "2005.10.19"]
[Round "3"]
[White "Djingarova,E"]
[Black "Maksimovic,S"]
[Result "1/2-1/2"]
[WhiteElo "2358"]
[BlackElo "2267"]

1.e4 c5 2.Nc3 Nc6 3.Nf3 Nf6 4.Bb5 Qc7 5.O-O a6 6.Bxc6 dxc6 7.e5 Nd5 8.Ne4 Bg4
9.Nxc5 e6 10.Nd3 Rd8 11.Qe2 c5 12.Nde1 Nb4 13.d3 Be7 14.Bf4 g5 15.Bd2 Nc6
16.Bc3 h5 17.Qe3 Rg8 18.Nd2 Rd5 19.Nef3 Bxf3 20.Qxf3 g4 21.Qe4 Nxe5 22.Bxe5 Qxe5
23.Qxe5  1/2-1/2

[Event "Chigorin Mem"]
[Site "St Petersburg RUS"]
[Date "2005.10.20"]
[Round "6"]
[White "Purtov,A"]
[Black "Iskusnyh,S"]
[Result "1-0"]
[WhiteElo "2404"]
[BlackElo "2473"]

1.e4 c5 2.Nc3 Nc6 3.Nge2 d6 4.d4 cxd4 5.Nxd4 Nf6 6.Bc4 Qb6 7.Nb3 e6 8.Be3 Qc7
9.f4 a6 10.Bd3 b5 11.Qf3 Be7 12.O-O Bb7 13.Qh3 Nb4 14.Nd4 O-O 15.a3 Nxd3
16.cxd3 Rae8 17.Rac1 Qb8 18.b4 Bd8 19.Nb3 Ba8 20.Qg3 Bb6 21.Bxb6 Qxb6+ 22.Qf2 Qb8
23.h3 Nd7 24.Nd4 Rc8 25.Nce2 Rfe8 26.Nf3 Qb6 27.Qxb6 Nxb6 28.Ned4 Kf8 29.Kf2 Ke7
30.Ke3 Kd7 31.g4 h6 32.Kd2 Bb7 33.h4 Rxc1 34.Rxc1 Rc8 35.Rh1 Ke7 36.h5 Rc7
37.g5 Bc8 38.Rg1 Bd7 39.Nc2 Rc8 40.gxh6 gxh6 41.Ne3 Rh8 42.Nd4 Rc8 43.Rg7 Rh8
44.Rg1 Rc8 45.f5 e5 46.Nf3 Rh8 47.Ng4 f6 48.Nh4 Kf7 49.Ng6 Rh7 50.Rc1 Na8
51.Ke3 d5 52.Rc5 dxe4 53.dxe4 Kg7 54.Kd3  1-0